000 00795nam a22002297a 4500
005 20120604111437.0
008 120604t xxu||||| |||| 00| 0 eng d
010 _aENG-105411
020 _a9788188614363
_c790.00
035 _aEN-88944
037 _bDBAD/PUB
040 _aDPL
_bEng
082 _a658.8
100 _aMathur, Akhil
_947698
245 _aMarketing management /
_cby Akhil Mathur
260 _aDelhi
_bKunal Pustak Sansar
_c2012
270 _aL-45, Street No. 5, Shivaji Marg, Kartar Nagar
_bDelhi
_e110053
300 _aviii,264p.
_c23cm(Hb)
500 _aIncludes index
942 _2ddc
_cEN
_h658.8
_mMAT
999 _c67445
_d67445